| 000 | 006790000a22002050004500 | ||
|---|---|---|---|
| 003 | LK-CoMWRAF | ||
| 005 | 20231225190824.0 | ||
| 008 | 230817t1996 ||||| |||| 00| 0 eng d | ||
| 040 |
_aLK-CoMWRAF _dLK-CoMWRAF _eLK-CoMWRAF |
||
| 041 | _aeng | ||
| 082 |
_a346.167 _bMAY |
||
| 100 | _aMayer, Ann Elizabeth | ||
| 245 |
_aReform of personal status laws in North Africa: _ba problem of Islamic or Mediterranean laws? |
||
| 260 |
_aGrables: _bWomen Living Under Muslim Laws, _c[1996] |
||
| 300 | _a 19 p. ; 22 cm. | ||
| 490 |
_a WLUML occasional paper _vno. 8 |
||
| 650 | _aDomestic relations- Africa, North- History | ||
| 650 | _aPersons (Law)- Africa, North- History | ||
| 942 | _cBK | ||
| 999 |
_c736 _d736 |
||